Nomi papali più comuni - Statistics

Statistiche generali
  • Questo quiz è stato fatto 550 volte
  • Il punteggio medio è 9 su 16
Statistiche sulle risposte
papa % Corretto
Giovanni (21)
96%
Paolo (6)
88%
Benedetto (15)
85%
Pio (12)
85%
Leone (13)
76%
Gregorio (16)
58%
Alessandro (7)
56%
Bonifacio (8)
54%
Clemente (14)
54%
Urbano (8)
54%
Innocenzo (13)
53%
Sisto(5)
42%
Celestino (5)
36%
Stefano (9)
34%
Adriano (6)
27%
Niccolò (5)
14%
Nessun quiz corrispondente trovato
Distribuzione punteggi
Percentuale di utenti per punteggio
Percentile per numero di risposta
I tuoi punteggi nel tempo
Non hai fatto questo quiz